| 000 | 00647nam a2200205Ii 4500 | ||
|---|---|---|---|
| 003 | JO-AjNU | ||
| 008 | 230605s9999||||xx |||||||||||||| ||und|| | ||
| 040 |
_aJO-AjNU _bara _erda _cJO-AjNU |
||
| 041 | _aara | ||
| 050 | 1 | 4 | _aBP136.46.F96 1987 |
| 100 | 3 |
_aشاكر، فؤاد, _eauthor _916420 |
|
| 245 | 0 | 0 | _aأصحاب النبي صلى الله عليه وسلم |
| 250 | _aط2 | ||
| 264 | 3 | 1 | _aبيروت: دار الجيل، 1987 |
| 300 | _a128ص | ||
| 336 |
_atext _btxt _2rdacontent |
||
| 337 |
_aunmediated _bn _2rdamedia |
||
| 338 |
_avolume _bnc _2rdacarrier |
||
| 650 | 4 |
_aالسيرة النبوية - الصحابة - تراجم _916421 |
|
| 999 |
_aA4860 _c8428 _d8428 |
||